000 00399pab a2200157 454500
008 180718b1999 xxu||||| |||| 00| 0 eng d
100 _aBadiger, Manavva S.
245 _aExparte divorce: an overview
260 _c1999
300 _ap.193-201
362 _aApr
650 _aFamily disorganization
700 _aKrishnaswamy, Saroja
773 _aIndian Journal of Social Work
909 _a41621
999 _c41621
_d41621